000 01618cam a2200169 4500500
005 20260208010050.0
041 _afre
042 _adc
100 1 0 _aJeannelle, Jean-Louis
_eauthor
700 1 0 _aLarrat, Jean-Claude
_eauthor
245 0 0 _aIntroduction
260 _c2012.
500 _a84
520 _aQuoiqu’il en ait longé la frontière par deux fois à l’occasion de ses voyages en Chine et ait caressé le projet d’une exploration, Victor Segalen n’a jamais pénétré au Tibet. Toutefois, dans Équipée et Thibet, le paysage tibétain, à une période où voyage et paysage ne vont plus de soi, devient une figure obsédante de son œuvre et s’intègre dans son « esthétique du Divers ». Quel est, dès lors, ce paradoxal « Pays Autre à connaître » qu’il donne à lire ? Le présent article propose d’éclairer cette question en montrant comment les récits des explorateurs au Tibet non seulement innervent son œuvre « tibétaine », mais encore nourrissent son regard critique sur le voyage et sa réflexion philosophique sur le paysage. Tirant parti de cette enquête intertextuelle où est portée au jour la réappropriation de représentations et de savoirs inédits, l’article interroge plus largement l’originalité et la valeur interculturelles du Tibet de Segalen et son inscription dans l’espace littéraire francophone.
786 0 _nRevue d'histoire littéraire de la France | 112 | 1 | 2012-03-01 | p. 233a-252a | 0035-2411
856 4 1 _uhttps://shs.cairn.info/revue-d-histoire-litteraire-de-la-france-2012-1-page-233a?lang=fr&redirect-ssocas=7080
999 _c1655043
_d1655042